00860nam a2200229Ia 4500003000900000008004100009020001800050040001600068080001900084245016000103260003600263300001000299650004100309650003200350650003500382700003000417700002600447700003300473942000700506999001500513952010200528IN-BaIIA211028s9999 xx 000 0 eng d a0-8243-0920-0 cIIA Library a(05)52bANN-20 0aAnnual review of astronomy and astrophysicsbvol. 20cedited by G. Burbridge, D. Layzer and Phillips J. D.  aPalo AltobAnnual Reviewsc1982 a631p. aAstronomy and astrophysics thesaurus aAstronomy-Periodicals94087 aAstrophysics-Periodicals94088 aBurbridge, G., ed.912386 aLayzer, D., ed.94748 aPhillips, J. D., ed. 912387 cBK c7237d7237 00104070aBANbBANcGENd1982-12-13l0o(05)52/ ANN-20p8038r2021-11-05w1982-12-13yBK 25.00